[Event "Sada Coruna op"]
[Site "Sada"]
[Date "2022.09.08"]
[Round "6"]
[White "Lopez Gonzalez, Diego"]
[Black "Lopez Gonzalez, Alfonso"]
[Result "0-1"]
[WhiteElo "1653"]
[BlackElo "2264"]
[PlyCount "76"]
[EventDate "2022.09.04"]
[EventType "swiss"]
[EventRounds "9"]
[EventCountry "ESP"]
[SourceTitle "CBM 210 Extra"]
[Source "ChessBase"]
[SourceDate "2022.11.30"]
[SourceVersion "1"]
[SourceVersionDate "2022.11.30"]
[SourceQuality "1"]

1. d4 d5 2. c4 e6 3. Nf3 c6 4. cxd5 exd5 5. Nc3 Nf6 6. Bg5 Bf5 7. e3 Qb6 8. Qb3 Qxb3 9. axb3 Nbd7 10. Be2 Bd6 11. 0-0 0-0 12. Rfc1 h6 13. Bh4 Ne4 14. Nxe4 Bxe4 15. Ne1 a5 16. Bd3 f5 17. Bxe4 fxe4 18. Nc2 Rfc8 19. Bg3 Be7 20. Na3 Ra6 21. Nb1 Rb6 22. Nd2 Bb4 23. Rc2 Bxd2 24. Rxd2 Rxb3 25. Rxa5 Nb6 26. Ra2 Ra8 27. Rxa8+ Nxa8 28. Kf1 Nb6 29. Ke2 Nc4 30. Rc2 Kf7 31. h3 Ke6 32. Bf4 Nxb2 33. Bg3 Nd3 34. h4 h5 35. Bc7 Ra3 36. Bb8 Ra1 37. Bg3 Kd7 38. f3 Rg1 0-1

[Event "Merida World Heritage op 2nd"]
[Site "Merida"]
[Date "2022.08.04"]
[Round "5"]
[White "Lopez Gonzalez, Diego"]
[Black "Rey Martinez, Jaime"]
[Result "0-1"]
[WhiteElo "1682"]
[BlackElo "2144"]
[PlyCount "134"]
[EventDate "2022.08.02"]
[EventType "swiss"]
[EventRounds "9"]
[EventCountry "ESP"]
[SourceTitle "EXT 2023"]
[Source "ChessBase"]
[SourceDate "2022.10.05"]
[SourceVersion "1"]
[SourceVersionDate "2022.10.05"]
[SourceQuality "1"]

1. d4 d5 2. c4 dxc4 3. e3 e6 4. Bxc4 c5 5. Nf3 Nf6 6. Nc3 a6 7. a4 cxd4 8. exd4 Nc6 9. 0-0 Be7 10. h3 0-0 11. Bf4 Nb4 12. Qb3 Bd7 13. Ne5 Bc6 14. Rad1 Nbd5 15. Nxc6 bxc6 16. Nxd5 cxd5 17. Bd3 h6 18. Rc1 Bd6 19. Bxd6 Qxd6 20. Rc3 Rfb8 21. Qc2 Qb4 22. b3 Ne8 23. Qd2 Kf8 24. Be2 Nd6 25. f3 a5 26. g4 Ne8 27. Rfc1 Qd6 28. Kg2 Rb4 29. Bb5 Rd8 30. Rc8 Ke7 31. R1c6 Rxc8 32. Rxc8 Nc7 33. Qc3 Nxb5 34. axb5 Rxb5 35. Rc6 Rxb3 36. Rc7+ Kd8 37. Rc8+ Kd7 38. Qxb3 Kxc8 39. Qb5 Qc7 40. Kf2 Kd8 41. Kg2 Ke7 42. h4 Qa7 43. h5 a4 44. Qb4+ Ke8 45. Qb5+ Kf8 46. Qb4+ Kg8 47. Qc3 a3 48. Qc8+ Kh7 49. Qc2+ g6 50. hxg6+ fxg6 51. Qa2 Qa4 52. Qb1 Qxd4 53. Qb7+ Qg7 54. Qa6 Qe7 55. Kg3 e5 56. Kf2 e4 57. fxe4 dxe4 58. Ke3 Kg7 59. Qa8 Qg5+ 60. Kxe4 Qxg4+ 61. Ke5 Qf5+ 62. Kd4 Qd7+ 63. Ke5 Qe7+ 64. Kf4 Qf7+ 65. Ke3 a2 66. Ke4 Qf5+ 67. Ke3 Qe5+ 0-1

[Event "Almansa op-B 13th"]
[Site "Almansa"]
[Date "2018.08.02"]
[Round "1.3"]
[White "Lopez Gonzalez, Diego"]
[Black "Sanchez Serrano, Emilio"]
[Result "0-1"]
[WhiteElo "1537"]
[BlackElo "1978"]
[PlyCount "90"]
[EventDate "2018.08.02"]
[EventType "swiss"]
[EventRounds "7"]
[EventCountry "ESP"]
[SourceTitle "EXT 2024"]
[Source "ChessBase"]
[SourceDate "2023.10.10"]
[SourceVersion "1"]
[SourceVersionDate "2023.10.10"]
[SourceQuality "1"]

1. d4 d5 2. c4 e6 3. Nf3 Nf6 4. Bg5 Nbd7 5. cxd5 exd5 6. Nc3 c6 7. e3 Be7 8. Bd3 0-0 9. Qc2 Re8 10. 0-0 Nf8 11. Rab1 Ne4 12. Bxe7 Qxe7 13. b4 Bg4 14. Nd2 Nxc3 15. Qxc3 Qg5 16. Rfe1 Re6 17. a4 Bh3 18. g3 Rh6 19. f4 Qh5 20. Re2 Re8 21. Rf2 Nd7 22. Nf3 Nf6 23. Ne5 Bf5 24. Be2 Qh3 25. Bf1 Qh5 26. Be2 Bg4 27. Bxg4 Nxg4 28. Nxg4 Qxg4 29. Re1 Rhe6 30. Qd3 h5 31. Rg2 Qf3 32. Rf2 Qg4 33. Rg2 Re4 34. Kf2 R8e6 35. Qe2 Qf5 36. Qf3 g6 37. g4 hxg4 38. Qxg4 Qf6 39. Qg5 Qg7 40. Rg3 Kf8 41. Qd8+ Re8 42. Qd6+ Kg8 43. f5 g5 44. Rxg5 Qxg5 45. Rg1 Rg4 0-1

[Event "Xativa Murta op 4th"]
[Site "Xativa"]
[Date "2018.07.17"]
[Round "3"]
[White "Moya Albaladejo, Jose Antonio"]
[Black "Lopez Gonzalez, Diego"]
[Result "1-0"]
[WhiteElo "1953"]
[BlackElo "1510"]
[PlyCount "121"]
[EventDate "2018.07.16"]
[EventType "swiss"]
[EventRounds "7"]
[EventCountry "ESP"]
[SourceTitle "CBM 185 Extra"]
[Source "ChessBase"]
[SourceDate "2018.07.29"]
[SourceVersion "1"]
[SourceVersionDate "2018.07.29"]
[SourceQuality "1"]

1. Nf3 Nf6 2. c4 e6 3. g3 Nc6 4. Bg2 d5 5. 0-0 e5 6. cxd5 Nxd5 7. d3 Be7 8. Nc3 Nb6 9. a3 Be6 10. b4 a6 11. Bb2 f6 12. Nd2 0-0 13. Rc1 Rb8 14. Nce4 Nd7 15. Nb3 Bf7 16. Nec5 Nxc5 17. Nxc5 Bxc5 18. Rxc5 Qd7 19. Qc2 Be8 20. Rc1 Qd6 21. Qd2 Rc8 22. b5 axb5 23. Rxb5 Rb8 24. Rbc5 Rc8 25. Qc2 Kh8 26. Qb3 Rb8 27. a4 Bd7 28. Ba3 Nd4 29. Qb2 Qb6 30. Qa2 Rfc8 31. a5 Qb3 32. R5c2 Qxa2 33. Rxa2 Bc6 34. Bc5 Bxg2 35. Kxg2 Nb3 36. Rc3 Nxc5 37. Rxc5 h6 38. Kf3 b6 39. axb6 cxb6 40. Rxc8+ Rxc8 41. Rb2 Rc6 42. Ke4 Rd6 43. Rc2 Kh7 44. h4 Rd4+ 45. Kf5 Rd6 46. h5 Rd4 47. Rb2 Rd6 48. Rb4 Rc6 49. Rc4 Rd6 50. Rc8 Rd4 51. Ke6 Ra4 52. Rc2 Rb4 53. e3 Rb1 54. d4 exd4 55. exd4 Rd1 56. d5 Re1+ 57. Kd7 Kg8 58. d6 b5 59. Kc7 b4 60. d7 Rd1 61. d8Q+ 1-0